History of Indian Football/ (Record no. 187697)

MARC details
000 -LEADER
fixed length control field 00512nam a22001817a 4500
005 - DATE AND TIME OF LATEST TRANSACTION
control field 20220427174103.0
010 ## - LCCN (DPL NO)
LC control number ENG-132433
020 ## - INTERNATIONAL STANDARD BOOK NUMBER
International Standard Book Number 9788187891963
Terms of availability 995.00
035 ## - SYSTEM CONTROL NUMBER
System control number EN-115965
037 ## - SOURCE OF ACQUISITION
Source of stock number/acquisition DBAD/PUB
082 ## - DEWEY DECIMAL CLASSIFICATION NUMBER
Classification number 796.3340954
100 ## - MAIN ENTRY--PERSONAL NAME
Personal name Nath, Nirmal
245 ## - TITLE STATEMENT
Title History of Indian Football/
Statement of responsibility, etc Nirmal Nath
260 ## - PUBLICATION, DISTRIBUTION, ETC. (IMPRINT)
Place of publication, distribution, etc Kolkata
Name of publisher, distributor, etc Tandrita Chandra
Date of publication, distribution, etc 2011
270 ## - ADDRESS
City Kolkata
Address 59/5A, Garfa Main Road
300 ## - PHYSICAL DESCRIPTION
Extent ix, 444p.
Dimensions 24cm(hbk)
942 ## - ADDED ENTRY ELEMENTS (KOHA)
Source of classification or shelving scheme Dewey Decimal Classification
Item type English Books
Classification part 796.3340954
Call number suffix NAT
Holdings
Withdrawn status Lost status Not for loan Collection code Home library Current library Date acquired Source of acquisition Cost, normal purchase price Full call number Barcode Copy number Cost, replacement price Koha item type
      Non-fiction Bawana Bawana 27/04/2022 DBAD/PUB 995.00 796.3340954 NAT EN-115965 1 995.00 English Books

© Delhi Public Library
Hit Counter
free hit counter